000 00768nam a22002057a 4500
005 20170705103732.0
020 _a9789332517080
_c265.00
035 _aB-668080
037 _bTechniz Books/Ven
_adpl
082 _a 612.8076
100 _aLing, Jonathan
245 _aCognitive psychology /
_cby Jonathan Ling [and] Jonathan Catling
260 _c2014
_aDelhi
_bPearson India
270 _a11 Community Centre, Panchsheel Park
_bNew Delhi
_e110017
300 _c24cm(pbk)
_axii,244p. :
500 _aIncludes bibliographical references and index
700 _aCatling, Jonathan
942 _cEN
_2ddc
_mPRE
_h 612.8076
999 _c142298
_d142298